Pokémon - Les légendaires et fabuleux - Statistiques

Statistiques générales
  • Ce quiz a été pris 166 fois
    104 depuis la dernière actualisation
  • Le résultat moyen est 67 sur 89
Statistiques - réponses
Réponse % Correct
Mew
99%
Mew
99%
Ho-Oh
97%
Lugia
96%
Sulfura
96%
Zekrom
96%
Mewtwo
95%
Artikodin
94%
Palkia
94%
Reshiram
94%
Dialga
92%
Groudon
92%
Kyogre
92%
Rayquaza
91%
Suicune
91%
Électhor
90%
Raikou
90%
Entei
89%
Giratina
89%
Regice
89%
Regirock
89%
Registeel
89%
Celebi
87%
Kyurem
87%
Regigigas
87%
Darkrai
86%
Arceus
85%
Viridium
84%
Cobaltium
82%
Créfollet
82%
Yveltal
82%
Créfadet
81%
Cresselia
81%
Xerneas
81%
Keldeo
80%
Zygarde
80%
Jirachi
78%
Latias
78%
Latios
78%
Terrakium
78%
Victini
78%
Zacian
78%
Boréas
77%
Créhelf
77%
Deoxys
77%
Shaymin
77%
Zamazenta
77%
Lunala
76%
Solgaleo
76%
Démétéros
75%
Heatran
75%
Fulguris
73%
Manaphy
72%
Phione
72%
Tokotoro
72%
Tokopisco
71%
Necrozma
70%
Tokorico
70%
Magearna
68%
Tokopiyon
68%
Koraidon
67%
Miraidon
67%
Cosmog
66%
Cosmovum
66%
Diancie
66%
Genesect
66%
Hoopa
66%
Meloetta
66%
Volcanion
66%
Éthernatos
63%
Marshadow
61%
Shifours
61%
Yuyu
61%
Zeraora
61%
Zarude
58%
Silvallié
57%
Sylveroy
56%
Type:0
56%
Regidrago
54%
Wushours
54%
Regieleki
53%
Spectreval
52%
Blizzeval
51%
Baojian
49%
Dinglu
48%
Melmetal
47%
Meltan
47%
Amovénus
42%
Chongjian
42%
Aucun quiz correspondant
Distribution des résultats
% des personnes avec chaque résultat
Percentile par nombre de réponses
Votre historique - résultats
Vous n’avez pas pris ce quiz depuis la dernière actualisation